000 01919nam0a22003851 4500
001 v19\rc\1993019
005 20251118181424.3
035 _a(NLR Aleph) 005090579
090 _a7292770
_c7292770
100 _a20080811d1915 u y0rusy50 ca
101 0 _arus
102 _aRU
105 _ay z |||||
200 1 _aГод на войне. 1914-1915
_eКрасный крест на Сев.-Зап. фронте
210 _aПетроград
_cГос. тип.
_d1915
215 _aIV, 60 с.
_d23
300 _a2-й авт. установлен по кат. РГБ
300 _aИз предисл.: "Книга эта составлена С.Л. Бертенсоном и К.С. Гогелем под общей редакцией Е.Н. Волкова, бывшего главноуполномоченного Красного креста при армиях Северо-Западного фронта. К работе над ней был привлечен также барон Н.Н. Врангель"
700 1 _aБертенсон
_bС.Л.
_f1885-1962
_gСергей Львович
_4220
701 1 _6z01790
_aОстрожский
_bК.С.
_f1888-
_gКонстантин Сергеевич
_4220
702 1 _aВолков
_bЕ.Н.
_gЕвгений Николаевич
_4340
702 1 _aВрангель
_bН.Н.
_f1882-1915
_gНиколай Николаевич
_4570
712 0 2 _aРоссийское общество Красного Креста
790 1 _7ca
_8rus
_aГогель
_bК. С.
_f1888-1929
_gКонстантин Сергеевич
_9237148
_3RU\NLR\AUTH\770237204
801 0 _aRU
_bNLR
_gpsbo
801 0 _aRU
_bRuMoRGB
_2psbo
801 1 _aRU
_bProSoft-M
_2rusmarc
852 _aNLR
_j37.74.5.275
899 _aRuMoRGB
_jV 120/66
899 _aRuMoRGB
_jW 292/373
899 _aRuMoRGB
_jΔ 398/398
899 _aRuMoRGB
_jΔ 420/130
899 _aБАН
942 _cBOOK
980 _aNB